Random Super Bowl Winners - Statistics

General Stats
  • This quiz has been taken 5 times
  • The average score is 44 of 59
Answer Stats
Super Bowl Answer Year Loser % Correct
XX Bears 1985 Patriots
100%
XXXVII Buccaneers 2002 Raiders
100%
LVII Chiefs 2022 Eagles
100%
LIV Chiefs 2019 49ers
100%
LI Patriots 2016 Falcons
100%
LVI Rams 2021 Bengals
100%
X Steelers 1975 Cowboys
100%
IX Steelers 1974 Vikings
100%
XXIV 49ers 1989 Broncos
80%
XXIII 49ers 1988 Bengals
80%
XVI 49ers 1981 Bengals
80%
50 Broncos 2015 Panthers
80%
XXXIII Broncos 1998 Falcons
80%
XXXII Broncos 1997 Packers
80%
IV Chiefs 1969 Vikings
80%
XLI Colts 2006 Bears
80%
V Colts 1970 Cowboys
80%
XXVIII Cowboys 1993 Bills
80%
XII Cowboys 1977 Broncos
80%
VI Cowboys 1971 Dolphins
80%
VII Dolphins 1972 Redskins
80%
XXV Giants 1990 Bills
80%
III Jets 1968 Colts
80%
XLV Packers 2010 Steelers
80%
II Packers 1967 Raiders
80%
I Packers 1966 Chiefs
80%
XLIX Patriots 2014 Seahawks
80%
XXXIX Patriots 2004 Eagles
80%
XXXVIII Patriots 2003 Panthers
80%
XVIII Raiders 1983 Redskins
80%
XV Raiders 1980 Eagles
80%
XLVII Ravens 2012 49ers
80%
XLIV Saints 2009 Colts
80%
XLIII Steelers 2008 Cardinals
80%
XXIX 49ers 1994 Chargers
60%
XIX 49ers 1984 Dolphins
60%
LV Buccaneers 2020 Chiefs
60%
LVIII Chiefs 2023 49ers
60%
XXX Cowboys 1995 Steelers
60%
XXVII Cowboys 1992 Bills
60%
VIII Dolphins 1973 Vikings
60%
LIX Eagles 2024 Chiefs
60%
LII Eagles 2017 Patriots
60%
XLVI Giants 2011 Patriots
60%
XLII Giants 2007 Patriots
60%
XXI Giants 1986 Broncos
60%
XXXI Packers 1996 Patriots
60%
LIII Patriots 2018 Rams
60%
XXXVI Patriots 2001 Rams
60%
XI Raiders 1976 Vikings
60%
XXXIV Rams 1999 Titans
60%
XXXV Ravens 2000 Giants
60%
XXVI Redskins 1991 Bills
60%
XVII Redskins 1982 Dolphins
60%
XLVIII Seahawks 2013 Broncos
60%
XL Steelers 2005 Seahawks
60%
XIV Steelers 1979 Rams
60%
XIII Steelers 1978 Cowboys
60%
XXII Redskins 1987 Broncos
40%
No matching quizzes found
Score Distribution
Percent of People with Each Score
Percentile by Number Answered
Your Score History
You have not taken this quiz